Anne Brontë Bibliography - Statistics

General Stats
  • This quiz has been taken 5 times
  • The average score is 2 of 15
Answer Stats
Type Year Name % Correct
Novel 1847 Agnes Grey
100%
Novel 1848 The Tenant of Wildfell Hall
67%
Poem ???? A Reminiscence
0%
Poem ???? Home
0%
Poem ???? Lines Composed in a Wood on a Windy Day
0%
Poem ???? Memory
0%
Poem ???? Music On Christmas Morning
0%
Poem ???? Past Days
0%
Poetry Collection 1846 Poems by Currer, Ellis, and Acton Bell
0%
Poem ???? The Arbour
0%
Poem ???? The Consolation
0%
Poem ???? The Doubter's Prayer
0%
Poem ???? The Penitent
0%
Poem ???? To Cowper
0%
Poem ???? Vanitas Vanitatum Omnia Vanitas
0%
No matching quizzes found
Score Distribution
Percent of People with Each Score
Percentile by Number Answered
Your Score History
You have not taken this quiz